| 000 | 00539nam a2200193Ia 4500 | ||
|---|---|---|---|
| 003 | IN-BaIIA | ||
| 008 | 211028s9999 xx 000 0 eng d | ||
| 040 | _cIIA Library | ||
| 080 |
_a551.58 _bBRO |
||
| 100 |
_aBrooks, C. E. P. _9435 |
||
| 245 | 0 |
_aClimate _ba handbook for business men, students and travellers _cC. E. P. Brooks |
|
| 260 |
_aLondon _bErnest Benn _c1929 |
||
| 300 | _a199p. | ||
| 650 | _aAstronomy and Astrophysics Thesaurus | ||
| 650 | _aClimatology | ||
| 650 | _aEarth Atmosphere | ||
| 650 | _aMeteorology | ||
| 942 | _cBK | ||
| 999 |
_c221 _d221 |
||